00322nam a2200121Ia 4500008004100000041000800041082001500049100001700064245004500081260003500126300003200161365000700193240624s9999 xx 000 0 und d aeng a302.35 CON aVIBERT CONOR aTHEORIES OF MACRO ORGANIZATIONAL BEHAVIO c2004aNew DelhibPrentice-Hall aviii, : 226 : p. : cm. ; 22 cRS